| 000 | 00385pab a2200145 454500 | ||
|---|---|---|---|
| 008 | 180718b1990 xxu||||| |||| 00| 0 eng d | ||
| 100 | _aNorthrop, Alana and others | ||
| 245 |
_aPay offs from computerisation _blessons over time |
||
| 260 | _c1990 | ||
| 300 | _a505-14 | ||
| 362 | _aSept.-Oct. | ||
| 650 | _aComputers - U.S.A. | ||
| 773 | _aPublic Administration Review | ||
| 909 | _a6622 | ||
| 999 |
_c6622 _d6622 |
||